<?xml version="1.0" encoding="UTF-8"?>
<record
    xmlns:xsi="http://www.w3.org/2001/XMLSchema-instance"
    xsi:schemaLocation="http://www.loc.gov/MARC21/slim http://www.loc.gov/standards/marcxml/schema/MARC21slim.xsd"
    xmlns="http://www.loc.gov/MARC21/slim">

  <leader>03861nam a2200397   4500</leader>
  <controlfield tag="001">27595</controlfield>
  <controlfield tag="003">Biblioteca APEC</controlfield>
  <controlfield tag="005">20251014134039.0</controlfield>
  <controlfield tag="008">000000t2014    dr ||||| |||| 00| 0 spa d</controlfield>
  <datafield tag="040" ind1=" " ind2=" ">
    <subfield code="c">Biblioteca UNAPEC</subfield>
    <subfield code="a">Biblioteca UNAPEC</subfield>
    <subfield code="b">spa</subfield>
    <subfield code="e">rda</subfield>
  </datafield>
  <datafield tag="041" ind1=" " ind2=" ">
    <subfield code="a">spa</subfield>
  </datafield>
  <datafield tag="072" ind1=" " ind2=" ">
    <subfield code="a">Facultad de Humanidades</subfield>
  </datafield>
  <datafield tag="090" ind1=" " ind2=" ">
    <subfield code="a">TPG-C1 MAS-05 2014</subfield>
  </datafield>
  <datafield tag="100" ind1="1" ind2=" ">
    <subfield code="a">Ricardo Benjam&#xED;n, Valdez Reyes</subfield>
    <subfield code="9">12051</subfield>
    <subfield code="e">autor</subfield>
  </datafield>
  <datafield tag="245" ind1="1" ind2="0">
    <subfield code="a">Estrategia para la identificaci&#xF3;n y la aplicaci&#xF3;n de las funciones gamma y beta /</subfield>
    <subfield code="c">Ricardo Benjam&#xED;n Valdez Reyes; Asesor: Francesco  Semerari</subfield>
  </datafield>
  <datafield tag="260" ind1=" " ind2=" ">
    <subfield code="a">Santo Domingo, DO :</subfield>
    <subfield code="b">Universidad APEC,</subfield>
    <subfield code="c">2014</subfield>
  </datafield>
  <datafield tag="300" ind1=" " ind2=" ">
    <subfield code="a">89 hojas :</subfield>
    <subfield code="c">+ 1 CD ROM</subfield>
  </datafield>
  <datafield tag="336" ind1=" " ind2=" ">
    <subfield code="a">Texto</subfield>
    <subfield code="b">txt</subfield>
    <subfield code="2">rdacontent</subfield>
  </datafield>
  <datafield tag="337" ind1=" " ind2=" ">
    <subfield code="a">sin mediaci&#xF3;n</subfield>
    <subfield code="b">n</subfield>
    <subfield code="2">rdamedia</subfield>
  </datafield>
  <datafield tag="338" ind1=" " ind2=" ">
    <subfield code="a">volumen</subfield>
    <subfield code="b">nc</subfield>
    <subfield code="2">rdacarrier</subfield>
  </datafield>
  <datafield tag="500" ind1=" " ind2=" ">
    <subfield code="a">CAMPUS I</subfield>
  </datafield>
  <datafield tag="500" ind1=" " ind2=" ">
    <subfield code="a">Tesis en Formato PDF
Tesis en Formato Electr&#xF3;nico
Tesis en Formato Digital</subfield>
  </datafield>
  <datafield tag="502" ind1=" " ind2=" ">
    <subfield code="a">Tesis (Maestr&#xED;a en Matem&#xE1;tica Superior) - Universidad APEC, 2014</subfield>
  </datafield>
  <datafield tag="505" ind1=" " ind2=" ">
    <subfield code="a">CAPITULO I: ASPECTOS GENERALES PRELIMINARES 
1. Marco de referencia 
1.1. Marco hist&#xF3;rico 
1.2. Marco socio - cultural 
1.3. Marco te&#xF3;rico 
1.4. Marco conceptual 
1.5. Marco metodol&#xF3;gico 
CAPITULO II: FUNCIONES GAMMA Y BETA 
2.1 Funciones gamma (??) 
2.2 Funciones beta (??) 
2.3 Relaci&#xF3;n entre las funciones gamma (??) y beta (??)
2.4 Extensi&#xF3;n del concepto de funci&#xF3;n factorial a los n&#xFA;meros reales no naturales 
2.5 Extensi&#xF3;n del dominio de la funci&#xF3;n gamma (??) de cero y de los n&#xFA;meros enteros negativos 
2.6 Otras definiciones de la funci&#xF3;n gamma (??) seg&#xFA;n otros autores
2.7 Funciones Gamma (??) incompletas 
2.8 El s&#xED;mbolo (??)?? de Pochhammer 
2.9 La integral de Gauss 
2.10 Estrategia para la identificaci&#xF3;n y aplicaci&#xF3;n de las funciones Gamma y Beta 
2.11 Ejemplos pr&#xE1;cticos 
CONCLUSI&#xD3;N 
RECOMENDACIONES</subfield>
  </datafield>
  <datafield tag="520" ind1=" " ind2=" ">
    <subfield code="a">Resumen: 
El presente trabajo de investigaci&#xF3;n fue dise&#xF1;ado para efectuar un aporte de la problem&#xE1;tica en la que se encuentran los estudiantes de la catedra de An&#xE1;lisis Matem&#xE1;tico de la Universidad APEC, los cuales muestran poco o ning&#xFA;n conocimiento sobre la identificaci&#xF3;n de las integrales impropias que pueden ser resueltas a trav&#xE9;s del uso de las funciones Gamma y Beta. Debido a su desconocimiento, nos perdemos de aprovechar las potencialidades que ofrecen estas funciones en distintas &#xE1;reas del saber, como es el caso de la ingenier&#xED;a, la medicina, la econom&#xED;a, la probabilidad, etc. Adem&#xE1;s de aplicar estas funciones en situaciones problem&#xE1;ticas de la vida real, relacionadas con la ingenier&#xED;a, que es el &#xE1;rea que nos compete. El objetivo de este trabajo es presentar una estrategia apropiada para la identificaci&#xF3;n y la aplicaci&#xF3;n de las funciones Gamma y Beta, lo cual puede resolver la contradicci&#xF3;n entre las potencialidades de aplicaci&#xF3;n de las funciones Gamma y Beta y el escaso conocimiento de ellas, contribuyendo a la formaci&#xF3;n de un conocimiento profundo sobre estas funciones y sus aplicaciones. Para realizar esta estrategia, se sustentara en el m&#xE9;todo deductivo y se parte de las integrales impropias especiales de primera y segunda especie, las cuales nos pueden generar una funci&#xF3;n Gamma o Beta, analizamos su convergencia a partir de los par&#xE1;metros caracter&#xED;sticos de estas funciones y procedemos a resolverlas aplicando su definici&#xF3;n.</subfield>
  </datafield>
  <datafield tag="650" ind1=" " ind2=" ">
    <subfield code="a">Matem&#xE1;ticas</subfield>
    <subfield code="x">-Estudio y ense&#xF1;anza</subfield>
    <subfield code="9">86418</subfield>
  </datafield>
  <datafield tag="650" ind1=" " ind2=" ">
    <subfield code="a">Integrales</subfield>
    <subfield code="9">86419</subfield>
  </datafield>
  <datafield tag="650" ind1=" " ind2=" ">
    <subfield code="a">Funciones (Matem&#xE1;ticas)</subfield>
    <subfield code="9">86420</subfield>
  </datafield>
  <datafield tag="650" ind1=" " ind2=" ">
    <subfield code="a">Funciones beta</subfield>
    <subfield code="9">12055</subfield>
  </datafield>
  <datafield tag="650" ind1=" " ind2=" ">
    <subfield code="a">Funciones gamma</subfield>
    <subfield code="9">12056</subfield>
  </datafield>
  <datafield tag="650" ind1=" " ind2=" ">
    <subfield code="a">Universidad APEC</subfield>
    <subfield code="x">-Tesis</subfield>
    <subfield code="9">86421</subfield>
  </datafield>
  <datafield tag="700" ind1="1" ind2=" ">
    <subfield code="a">Semerari, Francesco</subfield>
    <subfield code="9">86387</subfield>
    <subfield code="e">asesor</subfield>
  </datafield>
  <datafield tag="856" ind1=" " ind2=" ">
    <subfield code="u">https://bibliotecaunapec.blob.core.windows.net/tesis/TPG_CI_MAS_05_2014_ET150089.pdf </subfield>
    <subfield code="y">Hacer clic para ver el PDF. (1.2 MB). Trabajo de Posgrado</subfield>
  </datafield>
  <datafield tag="912" ind1=" " ind2=" ">
    <subfield code="a">AJIM</subfield>
  </datafield>
  <datafield tag="942" ind1=" " ind2=" ">
    <subfield code="2">ddc</subfield>
    <subfield code="c">TES</subfield>
  </datafield>
  <datafield tag="999" ind1=" " ind2=" ">
    <subfield code="c">14436</subfield>
    <subfield code="d">14436</subfield>
  </datafield>
</record>
